MARC

LEADER 00000nam0a2200000 4500
001 146629
005 20231101221236.0
035 |a (RuTPU)RU\TPU\book\158936 
090 |a 146629 
100 |a 20081031d1966 km y0rusy50 ca 
101 0 |a rus 
102 |a RU 
105 |a y g 001zy 
200 1 |a Административно-территориальное деление Сибири (август 1920 г.-июль 1930 г.), Западной Сибири (июль 1930 г.-сентябрь 1937 г.), Новосибирской области (с сентября 1937 г.)  |e [справочник]  |f Новосибирский облисполком, Архивный отдел ; Новосибирская область, Государственный архив ; сост. И. Ф. Астраханцева [и др.]; под ред. А. Н. Козионовой 
210 |a Новосибирск  |c Западно-Сибирское книжное издательство  |d 1966 
215 |a 220 с. 
320 |a Библиогр.: с. 190 
320 |a Указатель уездов, волостей, районов и их центров: с. 191-220 
606 1 |a Национально-государственное устройство  |y СССР  |2 stltpush  |3 (RuTPU)RU\TPU\subj\45202  |9 64460 
610 1 |a комментарии 
610 1 |a декреты 
610 1 |a постановления 
610 1 |a Сибирь 
610 1 |a Западная Сибирь 
610 1 |a Новосибирская область 
610 1 |a архивы 
610 1 |a источники 
610 1 |a уезды 
610 1 |a волости 
610 1 |a районы 
610 1 |a центры 
610 1 |a справочники 
686 |a Х620.4  |2 rubbk 
702 1 |a Астраханцева  |b И. Ф.  |4 220 
702 1 |a Дудоладов  |b А. А.  |4 220 
702 1 |a Тимошенко  |b М. И.  |4 220 
702 1 |a Козионова  |b А. Н.  |4 340 
712 0 1 |a Новосибирский облисполком  |b Архивный отдел 
712 0 1 |a Новосибирская область  |b Государственный архив  |2 stltpush  |3 (RuTPU)RU\TPU\col\3277  |9 23802 
801 1 |a RU  |b 63413507  |c 20081031  |g PSBO 
801 2 |a RU  |b 63413507  |c 20180601  |g PSBO 
942 |c BK